| 000 | 01309nam a2200289 i 4500 | ||
|---|---|---|---|
| 001 | bg | ||
| 100 | 1 |
_aWENDLAND, Johann David _d(1691-1756) |
|
| 245 | 1 | 0 |
_aKronika Wendlanda / _cJohann David Wendland ; [zesp. red. pod kier. Joanny Chojeckiej ; tł. tekstów niem. Joanna Chojecka, Aneta Heinrich, Adam Muszyäski ; tł. tekstów łac. Adam Muszyński]. |
| 246 | 1 | _aEine Sammlung unterschidliecher die Historie der Stadt Cöslin bettrefende Sachen | |
| 246 | 1 | _aZbiór rzeczy rozmaitych historii Miasta Koszalin dotyczących" | |
| 260 |
_aKoszalin : _bWydawnictwo Prosperius, _c2006. |
||
| 300 |
_aXVI, 482, [17] s. : _bfaks. ; _c21 cm. |
||
| 500 | _aTyt. nagł.: "Eine Sammlung unterschiedlicher die Historie der Stadt Cöslin betreffende Sachen". | ||
| 500 | _aTyt. nagł.: "Zbiór rzeczy rozmaitych historii Miasta Koszalin dotyczących". | ||
| 504 | _aZawiera: transkrypcję, tłumaczenie fragmentów kroniki na język polski, dodatki. | ||
| 651 | 9 |
_aKoszalin _xhistoria _y13-18 w. |
|
| 700 | 1 |
_aCHOJECKA, Joanna. _eRed. |
|
| 700 | 1 |
_aHEINRICH, Aneta. _eTł. |
|
| 700 | 1 |
_aMUSZYŃSKI, adam. _eTł. |
|
| 020 | _a8391499936 | ||
| 040 | _cBPK | ||
| 041 | w |
_apolger _hger |
|
| 080 | _a94(430+438)"12/17" | ||
| 920 | _a83-914999-3-6 | ||
| 942 | _cKS | ||
| 008 | s pl f |000 0 pol | ||
| 999 |
_c52592 _d52592 |
||
| 856 |
_uhttp://koha.tu.koszalin.pl/cgi-bin/koha/opac-detail.pl?biblionumber=52592 _yKatalog online BPK |
||